Model vozidla riadený pomocou mobilnej aplikácie

Salvato in:
Dettagli Bibliografici
Autore principale: Poperník, Adam (Autore)
Altri autori: Kohútka, Lukáš (Relatore della tesi)
Natura: Manoscritto Libro
Lingua:slovacco
Pubblicazione: 2018
Soggetti:
Accesso online:http://is.stuba.sk/zp/portal_zp.pl?podrobnosti=122991
Tags: Aggiungi Tag
Nessun Tag, puoi essere il primo ad aggiungerne!!

MARC

LEADER 00000ntm a22000003a 4500
001 stuzp70311
003 SK-STU
005 20190215160028.5
007 ta
008 150427s2015----xo-----f-mn---000-0-slo-d
040 |a STU  |b slo 
041 0 |a slo 
044 |a xo 
100 1 |a Poperník, Adam  |u 070400  |4 aut  |U FIIT Fakulta informatiky a informačných technológií  |T FIIT Ústav počítačového inžinierstva a aplikovanej informatiky  |X 79713  |U I400  |Y 672  |7 79713 
242 0 1 |a Vehicle model managed by a mobile application  |y eng 
245 1 0 |a Model vozidla riadený pomocou mobilnej aplikácie 
260 |c 2018 
300 |a 93 s. 
650 4 |a NodeMCU  |2 slo 
650 4 |a Android  |2 slo 
650 4 |a GPS  |2 slo 
650 4 |a 3D vehicle  |2 eng 
650 4 |a NodeMCU  |2 eng 
650 4 |a Android  |2 eng 
700 1 |a Kohútka, Lukáš  |u 033000  |k Z3  |4 ths  |U FEI Fakulta elektrotechniky a informatiky  |T FEI Ústav elektroniky a fotoniky  |X 5813  |U E030  |Y 549  |7 A000005813 
856 4 |u http://is.stuba.sk/zp/portal_zp.pl?podrobnosti=122991 
996 |b IZP20180052  |c I*BAP67/18  |l II680  |s P  |a 0  |w stuzp70311_0001